000 02758nam a2200577 a 4500
001 000004149
003 DO-SdBM
005 20260127110349.0
007 ta
008 090717e2006 dr a fr 001 0dspa d
020 _a9945160672
040 _aDO-SdBM
_bspa
_cBPMSU
_drda
082 4 _a370.114
_bG861e
_222
100 1 _aGrimaldi Silié, Eleanor,
_d1948-
100 z _aSilié, Eleanor Grimaldi,
_d1948-
245 1 0 _aÉtica y pedagogía :
_bprincipios éticos para un docente /
_cEleanor Grimaldi Silié ; Prólogo Margarita Luciano de Sang.
260 _b,
264 _aSanto Domingo :
_bUniversidad Dominicana O&M
_c2006.
300 _a128 páginas ;
_c24 cm.
336 _atexto
_btxt
_2rdacontent
337 _asin mediación
_bn
_2rdamedia
338 _avolumen
_bnc
_2rdacarrier
500 _aIncluye índice onomástico.
500 _aIncluye datos biográficos de la autora en la solapa de la cubierta.
504 _aBibliografías : p. 125
505 _aPresentación--
_tIntroducción--
_tPrólogo--
_t1. La ética y sus diferentes vertientes--
_t2. La ética como filosofía moral--
_t3. La ética marxista--
_t4. La moral. su relación con la ética--
_t5. ¿Qué ha ocurrido con la moral y cívica en nuestro país?--
_t6. Los valores--
_t7. Los valores en la sociedad latina--
_t8. La condición humana y la ética--
_t9. La educación cívica y su importancia para el desarrollo de la sociedad. Complemento de la Ética--
_t10. Ética y la condición de ser maestro--
_t11. La universidad. Su misión creadora e innovadora del conocimiento.--
_t12. La ética en el reglamento de profesores de la universidad--
_t13. Cualidades que complementan la labor de un maestro--
_t14. Pensadores de la humanidad y la ética--
_t15. Algunos precursores de la ética en República Dominicana--
_tBibliografía--
_tÍndice onomástico.
590 _aInventariado, 2026/VM
650 7 _aEducación moral
650 7 _aMaestros
_xÉtica profesional
_z
650 7 _aÉtica pedagógica.
650 0 _aÉtica social
650 0 _aValores (Filosofía)
650 4 _aConducta social
650 4 _aEstudiantes
_xConducta de vida
650 z _aMoral education
650 z _aEducación ética
650 z _aCitizenship
650 z _aCiudadanía
_xLeyes y legislación
650 z _aCitizenship (International law)
650 z _aCiudadanía (Derecho international)
650 z _a Nacionalidad (Ciudadanía )
650 z _a Social ethics
650 z _aValues
650 z _a Axiología
650 z _a Teoría de los valores
650 z _aValores, Teoría de los
700 1 _aLuciano López, Margarita,
_d1950-
_eprólogo
710 2 _aUniversidad Dominicana O&M
910 _aVMateo V. Control de calidad BPMSU
942 _2ddc
_cBK
999 _c15629
_d15629